<?xml version='1.0' encoding='UTF-8'?>
  <record xmlns="http://www.loc.gov/MARC21/slim">
    <leader>00000cam a2200000 i 4500</leader>
    <controlfield tag="001">ocm68018204</controlfield>
    <controlfield tag="003">OCoLC</controlfield>
    <controlfield tag="005">20250304160235.9</controlfield>
    <controlfield tag="008">980709s1581    ne            000 0 ger d</controlfield>
    <datafield tag="040" ind1=" " ind2=" ">
      <subfield code="a">NLGGC</subfield>
      <subfield code="b">eng</subfield>
      <subfield code="e">rda</subfield>
      <subfield code="e">dcrmr</subfield>
      <subfield code="c">NLGGC</subfield>
      <subfield code="d">OCLCO</subfield>
      <subfield code="d">QGJ</subfield>
      <subfield code="d">OCLCL</subfield>
      <subfield code="d">QGJ</subfield>
      <subfield code="d">OCLCQ</subfield>
      <subfield code="d">OCLCF</subfield>
      <subfield code="d">OCLCO</subfield>
      <subfield code="d">OCLCQ</subfield>
    </datafield>
    <datafield tag="029" ind1="0" ind2=" ">
      <subfield code="a">NLGGC</subfield>
      <subfield code="b">171400569</subfield>
    </datafield>
    <datafield tag="035" ind1=" " ind2=" ">
      <subfield code="a">(OCoLC)68018204</subfield>
    </datafield>
    <datafield tag="100" ind1="1" ind2=" ">
      <subfield code="a">Luther, Martin,</subfield>
      <subfield code="d">1483-1546,</subfield>
      <subfield code="e">author.</subfield>
      <subfield code="4">aut</subfield>
      <subfield code="1">https://id.oclc.org/worldcat/entity/E39PBJcC3jTktTmxwtTMgxrQbd</subfield>
    </datafield>
    <datafield tag="245" ind1="1" ind2="0">
      <subfield code="a">D. Martini Lutheri Seeligen Lehr und Meinung, Von der Person Christi. Von seiner Himmelfahrt. Vom Sitzen zur Rechten Gottes. Auss welchemder Christliche Leser, so Frieden vnd Warheit liebet, zusehen, dass Doctor Jacobe Andreae (genant Schmidlin) vnnd seiner mithelffer, Newe Lehr von obgesetzten puncten, mit der Heiligen vnd Allgemeinen Christlichen Kirchenlehre, auch Doctor Luthero, wie sie des die Leut zubereden gedencken, mit nichten vbereinstimmet.  /</subfield>
      <subfield code="c">Alles auss den schrifften D. Martini Lutheri vnnd zum theil Johan[n] Brentij, zusammen getragen, vnd in 100 Propositiones gefasset. Item, ein kurtzer vnd gründlicher Berich, darinne die wahre Lehr, von der Menschwerdung Christi, vnnd wie man von diesem grossen Geheimnuss reden soll, mit etlichen Regeln erklärt wirdt. / Durch M. Christophorum Granmundt.</subfield>
    </datafield>
    <datafield tag="264" ind1=" " ind2="1">
      <subfield code="a">Gedruckt zur Newstadt an der Hardt in der Fürstlichen Pfaltz :</subfield>
      <subfield code="b">Durch Matthaeum Harnisch.,</subfield>
      <subfield code="c">Anno. 1581.</subfield>
    </datafield>
    <datafield tag="300" ind1=" " ind2=" ">
      <subfield code="a">[6], 113 pages ;</subfield>
      <subfield code="c">21 cm (4to)</subfield>
    </datafield>
    <datafield tag="336" ind1=" " ind2=" ">
      <subfield code="a">text</subfield>
      <subfield code="b">txt</subfield>
      <subfield code="2">rdacontent</subfield>
    </datafield>
    <datafield tag="337" ind1=" " ind2=" ">
      <subfield code="a">unmediated</subfield>
      <subfield code="b">n</subfield>
      <subfield code="2">rdamedia</subfield>
    </datafield>
    <datafield tag="338" ind1=" " ind2=" ">
      <subfield code="a">volume</subfield>
      <subfield code="b">nc</subfield>
      <subfield code="2">rdacarrier</subfield>
    </datafield>
    <datafield tag="340" ind1=" " ind2=" ">
      <subfield code="m">4to</subfield>
      <subfield code="2">rdabf</subfield>
    </datafield>
    <datafield tag="500" ind1=" " ind2=" ">
      <subfield code="a">Initials, printed marginalia.</subfield>
    </datafield>
    <datafield tag="500" ind1=" " ind2=" ">
      <subfield code="a">Signatures: A-P⁴ Q².</subfield>
    </datafield>
    <datafield tag="510" ind1="4" ind2=" ">
      <subfield code="a">Verzeichnis der im deutschen Sprachbereich erschienenen Drucke des 16. Jahrhunderts (VD 16),</subfield>
      <subfield code="c">L 3558</subfield>
      <subfield code="u">https://gateway-bayern.de/VD16+L+3558</subfield>
    </datafield>
    <datafield tag="510" ind1="4" ind2=" ">
      <subfield code="3">Granmundt, Christoph. Ein kurzer und gründlicher Bericht darin die wahre Lehr von der Menschwerdung Christi und wie man von diesem grossen Geheimnis reden soll mit etlichen Regeln erklärt wird:</subfield>
      <subfield code="a">Verzeichnis der im deutschen Sprachbereich erschienenen Drucke des 16. Jahrhunderts (VD 16),</subfield>
      <subfield code="c">G 2790</subfield>
    </datafield>
    <datafield tag="600" ind1="1" ind2="0">
      <subfield code="a">Andreae, Jakob,</subfield>
      <subfield code="d">1528-1590.</subfield>
      <subfield code="1">https://id.oclc.org/worldcat/entity/E39PBJx8CWjkMFpDwdTyF9M9Dq</subfield>
    </datafield>
    <datafield tag="600" ind1="1" ind2="7">
      <subfield code="a">Andreae, Jakob,</subfield>
      <subfield code="d">1528-1590</subfield>
      <subfield code="2">fast</subfield>
      <subfield code="1">https://id.oclc.org/worldcat/entity/E39PBJx8CWjkMFpDwdTyF9M9Dq</subfield>
    </datafield>
    <datafield tag="700" ind1="1" ind2="2">
      <subfield code="i">Container of (work):</subfield>
      <subfield code="a">Granmundt, Christoph.</subfield>
      <subfield code="t">Kurzer und gründlicher Bericht darin die wahre Lehr von der Menschwerdung Christi und wie man von diesem grossen Geheimnis reden soll mit etlichen Regeln erklärt wird</subfield>
    </datafield>
    <datafield tag="700" ind1="1" ind2=" ">
      <subfield code="a">Brenz, Johannes,</subfield>
      <subfield code="d">1499-1570,</subfield>
      <subfield code="e">contributor.</subfield>
      <subfield code="4">ctb</subfield>
      <subfield code="1">https://id.oclc.org/worldcat/entity/E39PBJmXQ9kGjYWtVCGMqW4rMP</subfield>
    </datafield>
    <datafield tag="700" ind1="1" ind2=" ">
      <subfield code="a">Harnisch, Matthias,</subfield>
      <subfield code="d">approximately 1535-1596,</subfield>
      <subfield code="e">printer.</subfield>
      <subfield code="4">prt</subfield>
      <subfield code="1">https://id.oclc.org/worldcat/entity/E39PBJjhywBCRHtvrD9VJHwXBP</subfield>
    </datafield>
    <datafield tag="752" ind1=" " ind2=" ">
      <subfield code="a">Germany</subfield>
      <subfield code="e">Neustadt an der Weinstrasse,</subfield>
      <subfield code="e">publication place.</subfield>
      <subfield code="4">pup</subfield>
    </datafield>
    <datafield tag="776" ind1="0" ind2=" ">
      <subfield code="t">D. Martini Lutheri Seeligen Lehr und Meinung, von der Person Christi, von seiner Himmelfahrt, vom Sitzen zur Rechten Gottes ... auss welchem der Christliche Leser ... zusehen, dass Doctor Jacobe Andreae ... newe Lehr von obgesetzten Puncten, mit der heiligen und allgemeinen christlichen Kirchenlehre ... mit nichten übereinstimmet</subfield>
      <subfield code="w">(NL-LeOCL)426115481</subfield>
    </datafield>
    <datafield tag="936" ind1=" " ind2=" ">
      <subfield code="a">BATCHLOAD</subfield>
    </datafield>
  </record>